| 000 | 00397nam a2200121Ia 4500 | ||
|---|---|---|---|
| 008 | 220615s9999||||xx |||||||||||||| ||und|| | ||
| 245 | 0 | _aAcrylate Polymers for Advanced Applications | |
| 546 | _aEnglish[eng] | ||
| 650 | _aPolymer chemistry | ||
| 700 | _aSerrano-Aroca, Ãngel||Deb, Sanjukta | ||
| 856 | _uhttps://mts.intechopen.com/storage/books/7750/authors_book/authors_book.pdf | ||
| 942 | _cEB | ||
| 999 |
_c14178 _d14178 |
||